Necesidades básicas y cambio social

Uloženo v:
Podrobná bibliografie
Hlavní autor: Di Carlo, Enrique (Autor)
Médium: Kniha
Jazyk:španělština
Vydáno: Buenos Aires Hvmanitas 1980
Edice:Cuadernos de Servicio Social, 36
Témata:
Tagy: Přidat tag
Žádné tagy, Buďte první, kdo vytvoří štítek k tomuto záznamu!

MARC

LEADER 00000nam a2200000 a 4500
001 UCQ2093
003 CL-VaPUC
008 980721e19800000AG |||||||||||||||||spa|d
082 0 4 |a 361.3  |b DIC  |2 21 
100 0 |a Di Carlo, Enrique  |e author  |9 415992 
245 1 0 |a Necesidades básicas y cambio social 
300 |a 69 p 
942 |c BK 
945 |d 19980721 00:00:00  |a crobeson 
260 |a Buenos Aires  |b Hvmanitas  |c 1980 
650 7 |a NECESIDADES SOCIALES  |2 CL-VaPUC  |9 347071 
650 0 |a Bienestar social   |9 255298 
650 0 |a Cambio social   |9 256857 
650 0 |a Servicio social  |9 307999 
650 0 |a Trabajo social   |9 307856 
583 |a last modification  |c 19980721 00:00:00  |k Rodrigo Vera 
490 0 |a Cuadernos de Servicio Social, 36 
999 |c 272935  |d 272933 
952 |0 0  |1 0  |4 0  |6 361_300000000000000_DIC_1980  |7 0  |8 A  |9 308163  |a BIBGIM  |b BIBGIM  |d 2019-11-20  |i 1435957  |o 361.3 DIC 1980  |p 1435957  |r 2025-01-15  |w 2019-11-20  |y BK  |k SSL